[Event "Let's Play Chess!"]
[Site "http://www.queenalice.com/game.php?id=391864"]
[Date "2008.4.25"]
[Round "-"]
[White "soccer6"]
[Black "RicardoLuiz"]
[Result "1-0"]
[WhiteElo "1558"]
[BlackElo "1066"]

1. e4 e5 2. Nf3 Nc6 3. g3 Bc5 4. Bg2 d6 5. O-O Nf6 6. d3 Bg4 7. c3 b5 8. a3 h6
9. b4 Bb6 10. Qc2 O-O 11. c4 a6 12. Nbd2 Nd4 13. Qb2 Ne2+ 14. Kh1 Nh5 15. Qb3
Bd4 16. Ra2 Nxc1 17. Rxc1 c6 18. h3 Be6 19. Kg1 1-0

[Event "Challenge"]
[Site "http://www.queenalice.com/game.php?id=392196"]
[Date "2008.4.23"]
[Round "-"]
[White "ORNELAS"]
[Black "RicardoLuiz"]
[Result "0-1"]
[WhiteElo "1186"]
[BlackElo "809"]

1. d4 d5 2. c3 f6 3. Nf3 Nc6 4. Bf4 g5 5. Bg3 g4 6. Nh4 f5 7. Qd2 Bh6 8. Qc2 Na5
9. Nxf5 Be6 10. Nxh6 Nxh6 11. Qa4+ c6 12. e3 Qb6 13. b4 Nc4 14. Bxc4 dxc4 15.
Qc2 Bf5 16. Qe2 Bd3 17. Qd2 Nf5 18. Na3 Qa6 19. Qb2 b5 20. Rd1 Qa4 21. h3 gxh3
22. Rxh3 O-O-O 23. Be5 Rhf8 24. Rxh7 Nxe3 25. fxe3 Rf1+ 26. Kd2 Qxd1# 0-1

[Event "Challenge"]
[Site "http://www.queenalice.com/game.php?id=392205"]
[Date "2008.4.23"]
[Round "-"]
[White "ORNELAS"]
[Black "RicardoLuiz"]
[Result "0-1"]
[WhiteElo "1337"]
[BlackElo "894"]

1. e4 e5 2. Bc4 Nf6 3. d3 Bb4+ 4. c3 Bc5 5. Bg5 h6 6. Be3 Bxe3 7. fxe3 O-O 8.
Nd2 d6 9. Qb3 Ng4 10. Ngf3 Nxe3 11. Kf2 Ng4+ 12. Ke2 Be6 13. Bxe6 fxe6 14. h3
Nf6 15. Qxe6+ Kh8 16. Nh4 Re8 17. Qf5 Nbd7 18. Ng6+ Kg8 19. Nf3 Nf8 20. g4 Ne6
21. Nfh4 Qd7 22. Kd2 Qb5 23. b3 a5 24. g5 hxg5 25. Nf3 Qc5 26. Nxg5 Nxg5 27.
Qxg5 Qf2+ 28. Kc1 Rad8 29. Rg1 Rd7 30. Rb1 Nh7 31. Qg4 Rf7 32. Rb2 Qe3+ 33. Rd2
Rf3 34. Rd1 Rg3 35. Qd7 Nf6 36. Qxc7 Rxg6 37. Qxd6 Qxh3 38. Qc7 Rf8 39. Qxb7 Ne8
40. Qd5+ Rf7 41. Qxe5 Qc8 42. c4 Rgf6 43. Rh1 g6 44. Rdh2 Rf1+ 45. Rxf1 Rxf1+
46. Kc2 Ng7 47. Qd5+ Ne6 48. Rh6 Kg7 49. Rh4 Qf8 50. Qe5+ Rf6 51. Qh2 Rf2+ 52.
Kc3 Rxh2 53. Rxh2 Qf6+ 54. Kc2 Nd4+ 55. Kb2 Nf3+ 56. Ka3 Qd6+ 57. c5 Qxc5+ 58.
Ka4 Qb4# 0-1

[Event "Challenge"]
[Site "http://www.queenalice.com/game.php?id=393365"]
[Date "2008.4.25"]
[Round "-"]
[White "RicardoLuiz"]
[Black "trompmaster"]
[Result "0-1"]
[WhiteElo "995"]
[BlackElo "1986"]

1. e4 d6 2. d4 g6 3. d5 Bg7 4. Nc3 Nd7 5. Nh3 Ngf6 6. Bb5 O-O 7. Nf4 a6 8. Ba4
b5 9. Bb3 b4 10. Nce2 Nxe4 11. Be3 a5 12. f3 Nec5 13. Bd4 Ba6 14. c4 a4 15. Bxa4
Bxc4 16. b3 Bxe2 17. Qxe2 Bxd4 18. Rd1 Bc3+ 19. Kf1 Nxa4 20. bxa4 Rxa4 21. Nd3
Nb6 22. Nc1 Re8 23. g4 Qa8 24. Qb5 Ra5 25. Qd3 Rxd5 26. Qe2 Rxd1+ 27. Qxd1 Nc4
28. Kg2 Ne3+ 0-1

[Event "Challenge"]
[Site "http://www.queenalice.com/game.php?id=393374"]
[Date "2008.4.25"]
[Round "-"]
[White "Cleide"]
[Black "RicardoLuiz"]
[Result "0-1"]
[WhiteElo "1209"]
[BlackElo "1053"]

1. e4 e5 2. Nf3 Nc6 3. Nc3 d6 4. Bc4 Nh6 5. Ng5 Qxg5 6. g3 Bg4 7. f3 Bh3 8. Nd5
O-O-O 9. c3 f5 10. Qe2 a6 11. b4 b5 12. Bd3 g6 13. Nf4 exf4 14. gxf4 Qxf4 15. a4
Qh4+ 16. Kd1 fxe4 17. Bxe4 Re8 18. d3 Bg7 19. Bb2 d5 20. c4 dxe4 21. Bxg7 exd3
22. Qxd3 Rd8 23. Qd5 Nxb4 24. Qd2 Rhg8 25. Be5 Qf2 26. Bc3 Qxf3+ 27. Kc1 Rxd2
28. Bxd2 Nd3+ 29. Kc2 Bf5 30. Bxh6 Nf2+ 31. Kb2 Nxh1 32. Rxh1 Qxh1 33. Bf4 Qb1+
34. Kc3 Qd3+ 35. Kb4 Rd8 36. Bg5 Rd5 37. cxd5 Qc4+ 38. Ka5 Qxa4# 0-1

[Event "AUTO-BEG-211"]
[Site "http://www.queenalice.com/game.php?id=394157"]
[Date "2008.4.27"]
[Round "1"]
[White "Rapaz"]
[Black "RicardoLuiz"]
[Result "0-1"]
[WhiteElo "1374"]
[BlackElo "1076"]

1. d4 d5 2. e3 Nf6 3. Nf3 Ne4 4. Nc3 Nc6 5. Be2 e6 6. O-O Bd6 7. b3 f6 8. a4
Nxc3 9. Qd3 Ne4 10. Ba3 Bxa3 11. Rxa3 Nb4 12. Qb5+ Nc6 13. Nh4 a6 14. Qd3 f5 15.
Qd1 Qxh4 16. g3 Qe7 17. Ra1 g6 18. c4 Qb4 19. c5 Ng5 20. h4 Ne4 21. Rc1 b5 22.
Ra1 Nc3 23. Qe1 Qxb3 24. axb5 Nxb5 25. Bd1 Qb2 26. Ba4 Nb4 27. Bxb5+ c6 28. Rb1
Qa3 29. Qxb4 Qxb4 30. Bxc6+ Kd8 31. Rxb4 Ra7 32. Rfb1 a5 33. R4b2 Bd7 34. Bxd7
Kxd7 35. f3 h5 36. Rb7+ Rxb7 37. Rxb7+ Kc6 38. Rb6+ Kc7 39. Ra6 Rb8 40. Rxa5 Kb7
41. c6+ Kxc6 42. Ra6+ Kd7 43. Kf1 Rc8 44. Ke2 Rc2+ 45. Kd3 Rg2 46. Ra7+ Ke8 47.
Rg7 Rxg3 48. f4 Kf8 49. Rh7 Rg4 50. Rxh5 gxh5 0-1

[Event "AUTO-BEG-211"]
[Site "http://www.queenalice.com/game.php?id=394158"]
[Date "2008.4.27"]
[Round "1"]
[White "RicardoLuiz"]
[Black "Rapaz"]
[Result "0-1"]
[WhiteElo "906"]
[BlackElo "1169"]

1. e4 e5 2. Nf3 d6 3. Bc4 Nf6 4. d3 Be6 5. Na3 Be7 6. h3 c6 7. b4 b5 8. Bxe6
fxe6 9. Ng5 O-O 10. Nxe6 Qd7 11. Nxf8 Bxf8 12. Bg5 d5 13. Qg4 Nxg4 14. hxg4
Bxb4+ 15. Ke2 Qxg4+ 16. f3 Qxg2+ 17. Ke3 Qd2# 0-1

[Event "Challenge"]
[Site "http://www.queenalice.com/game.php?id=399335"]
[Date "2008.5.7"]
[Round "-"]
[White "ORNELAS"]
[Black "RicardoLuiz"]
[Result "1-0"]
[WhiteElo "1566"]
[BlackElo "1053"]

1. d4 d5 2. Nf3 Nc6 3. c3 Bf5 4. Bf4 f6 5. Nbd2 h6 6. Nh4 e6 7. g3 g5 8. Ng2 h5
9. Be3 Nge7 10. Qb3 b6 11. c4 Qd6 12. c5 Na5 13. cxd6 Nxb3 14. Nxb3 cxd6 15. Rc1
Bh6 16. Rc7 Bb1 17. a3 Ba2 18. Bd2 Bxb3 19. e3 a6 20. Bd3 b5 21. O-O Bc4 22.
Bxc4 bxc4 23. Ba5 O-O 24. Rxe7 e5 25. dxe5 dxe5 26. Rd1 Rfb8 27. Rxd5 Rxb2 28.
Ne1 Rb1 29. Rdd7 Rxe1+ 30. Kg2 Bf8 31. Rh7 Rb8 32. Bb4 g4 33. Bxf8 Rxf8 34.
Rdg7# 1-0

[Event "AUTO-BEG-227"]
[Site "http://www.queenalice.com/game.php?id=421628"]
[Date "2008.6.22"]
[Round "1"]
[White "DrkAlucard"]
[Black "RicardoLuiz"]
[Result "0-1"]
[WhiteElo "1170"]
[BlackElo "1129"]

1. d4 d5 2. f3 f5 3. b3 Nc6 4. e4 fxe4 5. fxe4 dxe4 6. Bb5 Bd7 7. Bxc6 Bxc6 8.
Bf4 Nf6 9. Qd2 h6 10. Qa5 b6 11. Qa6 g5 12. Be5 Bg7 13. Qb7 Bxb7 14. Nc3 e3 15.
Bxf6 exf6 16. Nd1 Qe7 17. Ke2 Bxg2 0-1

[Event "AUTO-BEG-227"]
[Site "http://www.queenalice.com/game.php?id=421629"]
[Date "2008.6.22"]
[Round "1"]
[White "RicardoLuiz"]
[Black "DrkAlucard"]
[Result "1-0"]
[WhiteElo "1173"]
[BlackElo "1152"]

1. e4 d6 2. d4 e5 3. d5 Nf6 4. Nc3 Bg4 5. f3 Bh5 6. Nh3 c6 7. Bc4 cxd5 8. Bxd5
Nbd7 9. b3 Qa5 10. Bb2 Rc8 11. Qd2 Nb6 12. O-O g5 13. Nxg5 Rd8 14. Bxb7 Rb8 15.
Bc6+ Nfd7 16. Rf2 Bh6 17. Qxd6 1-0

[Event "AUTO-BEG-211"]
[Site "http://www.queenalice.com/game.php?id=447355"]
[Date "2008.8.11"]
[Round "2"]
[White "erdnaxela"]
[Black "RicardoLuiz"]
[Result "1-0"]
[WhiteElo "1599"]
[BlackElo "1188"]

1. e4 e5 2. Nf3 Nc6 3. Bb5 Nd4 4. Nxd4 exd4 5. d3 c6 6. Bc4 d5 7. exd5 c5 8. Qf3
Nf6 9. Bg5 Be7 10. O-O h6 11. Bxf6 Bxf6 12. Re1+ Be7 13. d6 Qxd6 14. Qxf7+ Kd8
15. Qxg7 1-0

[Event "AUTO-BEG-211"]
[Site "http://www.queenalice.com/game.php?id=447356"]
[Date "2008.8.11"]
[Round "2"]
[White "RicardoLuiz"]
[Black "erdnaxela"]
[Result "1-0"]
[WhiteElo "1143"]
[BlackElo "1650"]

1. e4 e5 2. Nf3 Nf6 3. Nc3 Bb4 4. Nxe5 Bxc3 5. dxc3 Nxe4 6. Qf3 f6 7. Bc4 d5 8.
Bb5+ c6 9. Bd3 fxe5 10. Qh5+ g6 11. Qxe5+ Kd7 12. Bxe4 dxe4 13. Bg5 Qe8 14.
O-O-O# 1-0

[Event "AUTO-BEG-211"]
[Site "http://www.queenalice.com/game.php?id=447359"]
[Date "2008.8.11"]
[Round "2"]
[White "RicardoLuiz"]
[Black "Rapaz"]
[Result "0-1"]
[WhiteElo "1147"]
[BlackElo "1579"]

1. e4 Nc6 2. d4 e5 3. d5 Nd4 4. c3 Nf6 5. f3 a6 6. cxd4 exd4 7. Bd3 c5 8. Bf4
Be7 9. Ne2 O-O 10. O-O Ng4 11. fxg4 d6 12. Nd2 b5 0-1

[Event "AUTO-BEG-211"]
[Site "http://www.queenalice.com/game.php?id=447360"]
[Date "2008.8.11"]
[Round "2"]
[White "Rapaz"]
[Black "RicardoLuiz"]
[Result "1-0"]
[WhiteElo "1581"]
[BlackElo "1145"]

1. d4 d5 2. Nc3 Nf6 3. e3 Bg4 4. Be2 g6 5. Bxg4 h5 6. Bf3 e6 7. Be2 Bg7 8. Nf3
O-O 9. O-O Nc6 10. Ne5 Nxe5 11. dxe5 Ne4 12. Nxe4 1-0